00942cam a2200265 i 45000010009000000050017000090080041000260200019000670400028000860820027001141000023001412450159001642600053003233000020003766500010003966500026004066500013004326500023004456500027004687000034004957000027005299420006005569520099005629990015006611863502520240614054141.0150528s2015 cauab b 001 0 eng  a9789351502678  aDLCbengcDLCerdadDLC00a305.5/1220954223bCAS1 aBorooah, Vani Kant10aCaste, discrimination, and exclusion in modern India /cVani Kant Borooah, Nidhi Sadana Sabharwal, Dilip G. Diwakar, Vinod Kumar Mishra, Ajaya Kumar Naik. aNew DelhibSAGE Publications India Pvt Ltdc2015 axl, 337 pages : 0aCaste 0aSocial stratification 0aEquality 0aPolitical planning 0aReverse discrimination1 aSabharwal, Nidhi Sadana.eedt1 aDiwakar, Dilip G.eedt cL 001040708LaWERCLbWERCLd2024-06-14l0o305.5/1220954 CASp7050r2024-06-14w2024-06-14yL c5905d5905